000 00431 a2200157 4500
001 158126
020 _a
040 _cMagnum
100 _aMello, Antenor Vieira de
240 1 0 _aNova enciclopedia da lingua portuguesa/v.4 - breviario de facilidades
_lpor
245 1 0 _aNova enciclopedia da lingua portuguesa/v.4 - breviario de facilidades
362 0 _a1899
440 1 _aDo Brasil
697 _aENCICLOPEDIAS
942 _cBK
999 _c158126
_d158126